MARC details
| 000 -LEADER |
| fixed length control field |
01254nam a22003257a 4500 |
| 003 - CONTROL NUMBER IDENTIFIER |
| control field |
TR-AnTOB |
| 005 - DATE AND TIME OF LATEST TRANSACTION |
| control field |
20220405133013.0 |
| 007 - PHYSICAL DESCRIPTION FIXED FIELD--GENERAL INFORMATION |
| fixed length control field |
zm |
| 008 - FIXED-LENGTH DATA ELEMENTS--GENERAL INFORMATION |
| fixed length control field |
220404s2013 tu ||||| |||| 00| 0 eng d |
| 040 ## - CATALOGING SOURCE |
| Original cataloging agency |
TR-AnTOB |
| Language of cataloging |
eng |
| Transcribing agency |
TR-AnTOB |
| Description conventions |
rda |
| 041 ## - LANGUAGE CODE |
| Language code of text/sound track or separate title |
İngilizce |
| 050 #4 - LIBRARY OF CONGRESS CALL NUMBER |
| Classification number |
NK8865.A1 |
| 090 ## - LOCALLY ASSIGNED LC-TYPE CALL NUMBER (OCLC); LOCAL CALL NUMBER (RLIN) |
| Classification number (OCLC) (R) ; Classification number, CALL (RLIN) (NR) |
NK8865.A1 |
| Local cutter number (OCLC) ; Book number/undivided call number, CALL (RLIN) |
T787 2013 |
| 999 ## - SYSTEM CONTROL NUMBERS (KOHA) |
| Cataloger |
SA 04.04.2022 |
| 245 #0 - TITLE STATEMENT |
| Title |
Truth of the loom : |
| Remainder of title |
traditional weaving in Buldan, Turkey / |
| Statement of responsibility, etc. |
photographs by Luca Babini. Executive producers : Murat Karamancı, Atilla Kıyat. |
| 264 #1 - PRODUCTION, PUBLICATION, DISTRIBUTION, MANUFACTURE, AND COPYRIGHT NOTICE |
| Place of production, publication, distribution, manufacture |
Kayseri : |
| Name of producer, publisher, distributor, manufacturer |
Orta Anadolu, |
| Date of production, publication, distribution, manufacture, or copyright notice |
2013 |
|
| Date of production, publication, distribution, manufacture, or copyright notice |
©2013 |
| 300 ## - PHYSICAL DESCRIPTION |
| Extent |
98 pages : |
| Other physical details |
photographs ; |
| Dimensions |
35 cm + |
| Accompanying material |
1 computer disc (4 3/4 in.) |
| 336 ## - CONTENT TYPE |
| Content type term |
text |
| Content type code |
txt |
| Source |
rdacontent |
|
| Content type term |
still image |
| Content type code |
sti |
| Source |
rdacontent |
| 337 ## - MEDIA TYPE |
| Media type term |
unmediated |
| Media type code |
n |
| Source |
rdamedia |
|
| Media type term |
computer |
| Media type code |
c |
| Source |
rdamedia |
| 338 ## - CARRIER TYPE |
| Carrier type term |
volume |
| Carrier type code |
nc |
| Source |
rdacarrier |
|
| Carrier type term |
computer disc |
| Carrier type code |
cd |
| Source |
rdacarrier |
| 500 ## - GENERAL NOTE |
| General note |
The documentary shot in Buldan, Turkey was shortlisted as a finalist for the 2013 WGSN Global Fashion Awards in the Sustainable Design Team category. |
| 650 #0 - SUBJECT ADDED ENTRY--TOPICAL TERM |
| 9 (RLIN) |
63008 |
| Topical term or geographic name entry element |
Hand weaving |
| Geographic subdivision |
Turkey |
| -- |
Buldan |
| 651 #0 - SUBJECT ADDED ENTRY--GEOGRAPHIC NAME |
| Geographic name |
Buldan (Denizli, Türkiye) |
| Form subdivision |
Pictorial works |
| 9 (RLIN) |
136341 |
| 700 1# - ADDED ENTRY--PERSONAL NAME |
| 9 (RLIN) |
136347 |
| Personal name |
Babini, Luca |
| Relator term |
photographer |
| 942 ## - ADDED ENTRY ELEMENTS (KOHA) |
| Source of classification or shelving scheme |
Library of Congress Classification |
| Koha item type |
Mixed Materials |